00376 a2200109 450000500170000002000180001708200280003510000200006324500550008326000530013830000750019120250605172924.0 a0-691-08794-6 aTEA LECT 658.15 de MAT aDE MATOS, J. A. aTheoretical Foundations of Corporate Finance aNew Jersey,bPrinceton University press,c2001. axvii, 301p.: Ill.;figures.bBibliographical references & Indexc24cm.